Normal view
MARC view
- JOLH, DHANANJAY
Entry Personal Name
001 - CONTROL NUMBER
- control field: 85872
003 - CONTROL NUMBER IDENTIFIER
- control field: NUST
005 - DATE AND TIME OF LATEST TRANSACTION
- control field: 20211207103753.0
008 - FIXED-LENGTH DATA ELEMENTS
- fixed length control field: 211207|| aca||aabn | a|a d
040 ## - CATALOGING SOURCE
- Original cataloging agency: NUST
- Transcribing agency: NUST
100 ## - HEADING--PERSONAL NAME
- Personal name: JOLH, DHANANJAY
670 ## - SOURCE DATA FOUND
- Source citation: Work cat.: (NUST): JOLH, DHANANJAY., ENGINEERING DRAWING /, 2008.
